| 000 | 01031cam a2200277 4500 | ||
|---|---|---|---|
| 002 | 5804 | ||
| 008 | 000000n2001 000 0 eng u | ||
| 020 | _a0632053623 | ||
| 035 | _a(Sirsi) u109848 | ||
| 050 | _a690.24 | ||
| 100 | _aWordsworth, Paul | ||
| 245 | _aLee's building maintenance management. | ||
| 250 | _a4th ed. | ||
| 260 |
_aOxford _bBlackwell Science _c2001 |
||
| 300 | _ax, 340p. ; 24cm. | ||
| 350 | _a26.50 | ||
| 520 | _aThe 4th edition of this core text book, has been revised to provide an overview of new developments, changes in legislation and in information technology. It takes a more scientific approach to the section on defect diagnosis and includes a new chapter on conservation and the environment. | ||
| 650 |
_aRefurbishment _96264 |
||
| 650 | _aCOST CONTROL | ||
| 650 | _aREPAIRS | ||
| 650 |
_aFACILITIES MANAGEMENT _96240 |
||
| 650 | _aBUILT ENVIRONMENT-BUILDING INSPECTION | ||
| 690 | _aBUILDING AND CONSTRUCTION-REPAIRS AND MAINTENANCE | ||
| 700 | _aLee, Reginald | ||
| 942 | _n0 | ||
| 999 |
_c101011 _d101011 |
||